Обзор рынка по оказанию услуг поддержки принятия решений; Прогрессивные технологии и экономика в машиностроении

التفاصيل البيبلوغرافية
Parent link:Прогрессивные технологии и экономика в машиностроении.— 2019.— [С. 148-150]
المؤلف الرئيسي: Гребенюк Я. В.
مؤلف مشترك: Национальный исследовательский Томский политехнический университет (ТПУ) Юргинский технологический институт (филиал) (ЮТИ) Отделение цифровых технологий (ОЦТ)
مؤلفون آخرون: Захарова А. А. Александра Александровна (научный руководитель)
الملخص:Заглавие с экрана
اللغة:الروسية
منشور في: 2019
سلاسل:Информационные технологии, экономика, управление
الموضوعات:
الوصول للمادة أونلاين:http://earchive.tpu.ru/handle/11683/53092
التنسيق: الكتروني فصل الكتاب
KOHA link:https://koha.lib.tpu.ru/cgi-bin/koha/opac-detail.pl?biblionumber=629289

MARC

LEADER 00000naa2a2200000 4500
001 629289
005 20231102024404.0
035 |a (RuTPU)RU\TPU\conf\29802 
035 |a RU\TPU\conf\29801 
090 |a 629289 
100 |a 20190417d2019 k y0rusy50 ca 
101 0 |a rus 
102 |a RU 
105 |a y z 101zy 
135 |a drgn ---uucaa 
181 0 |a i  
182 0 |a b 
200 1 |a Обзор рынка по оказанию услуг поддержки принятия решений  |f Я. В. Гребенюк  |g науч. рук. А. А. Захарова 
203 |a Текст  |c электронный 
225 1 |a Информационные технологии, экономика, управление 
230 |a 1 компьютерный файл (pdf; 163 Kb) 
300 |a Заглавие с экрана 
320 |a [Библиогр.: с. 150 (4 назв.)] 
463 0 |0 (RuTPU)RU\TPU\conf\29747  |t Прогрессивные технологии и экономика в машиностроении  |o сборник трудов X Всероссийской научно-практической конференции для студентов и учащейся молодежи, 4-6 апреля 2019 г., Юрга  |f Национальный исследовательский Томский политехнический университет (ТПУ), Юргинский технологический институт (ЮТИ) ; под ред. Е. А. Зернина  |v [С. 148-150]  |d 2019 
610 1 |a электронный ресурс 
610 1 |a труды учёных ТПУ 
610 1 |a рынок услуг 
610 1 |a поддержка решений 
610 1 |a принятие решений 
610 1 |a бизнес 
610 1 |a мобильные технологии 
610 1 |a облачные технологии 
700 1 |a Гребенюк  |b Я. В. 
702 1 |a Захарова  |b А. А.  |c специалист в области информатики и вычислительной техники  |c профессор Юргинского технологического института (филиала) Томского политехнического университета, доктор наук  |f 1976-  |g Александра Александровна  |2 stltpush  |4 727  |9 9789 
712 0 2 |a Национальный исследовательский Томский политехнический университет (ТПУ)  |b Юргинский технологический институт (филиал) (ЮТИ)  |b Отделение цифровых технологий (ОЦТ)  |h 8375  |2 stltpush  |3 (RuTPU)RU\TPU\col\24718 
801 2 |a RU  |b 63413507  |c 20190419  |g RCR 
856 4 |u http://earchive.tpu.ru/handle/11683/53092 
942 |c BK